| 000 | 00619nam a2200193 a 4500 | ||
|---|---|---|---|
| 005 | 20240910064027.0 | ||
| 008 | 991125s1977 mx 000 0 spa u | ||
| 035 | _aUPN01000009739 | ||
| 049 | _aCG | ||
| 050 | 4 |
_aJF1351 _bC6.78 |
|
| 245 | 0 | 0 |
_aCómo reforzar la administración pública / _ccomp. Arne F. Leemans ; tr. Luis García Cárdenas. |
| 260 |
_aMéxico : _bFCE, _c1977. |
||
| 300 | _a389 p. | ||
| 440 | 0 | _aSección de obras de economía | |
| 534 |
_aTraducción de: _tThe management of change in government |
||
| 650 | 4 |
_aAdministración pública _9637 |
|
| 700 | 1 |
_aLeemans, Arne F., _ecomp. |
|
| 905 | _aLibro | ||
| 999 |
_c9739 _d9739 |
||